000 00659nam a2200205Ii 4500
003 JO-AjNU
008 230605s9999||||xx |||||||||||||| ||und||
040 _aJO-AjNU
_bara
_erda
_cJO-AjNU
041 _aara
050 1 4 _aBP183.4.A3722 1994
100 3 _aعدره، أشرف,
_eauthor
_99936
245 0 0 _aالآذان في الإسلام
250 _aط1
264 3 1 _aطرابلس-لبنان: جروس برس، 1994
300 _a216ص
336 _atext
_btxt
_2rdacontent
337 _aunmediated
_bn
_2rdamedia
338 _avolume
_bnc
_2rdacarrier
650 4 _aالعبادات- الآذان والاقامة- الصلاة- فقه اسلامي
_99937
999 _aA1553
_c5121
_d5121